000 01066cab a22002415a 4500
001 L160152
008 180820e2018 xxk 000 0 eng d
035 _a(Sirsi) u160152
041 0 _aeng
100 1 _aGosden, Helene
245 0 0 _aAdapt and thrive
_h[electronic resource]
260 _c2018
490 _aRICS Property Journal
_vJuly-August 2018, 30-31(2)
520 _aPart two of two articles looking at redaptive re-use of existing buildings considers the challenges of adapting and refurbishing building for alternative use. Case studies feature examples of succussful adaptations and how some of challenges have been overcome such as condititon of the building, floor to ceiling height, depth, layout and access. (For Part 1 see L160151)
650 2 4 _aCONVERSION
650 2 4 _aALTERATION
650 2 4 _aREGENERATION
651 4 _aUnited Kingdom
_y
690 _aRefurbishment
_96264
690 _aSustainability
_96271
856 4 0 _uhttps://issuu.com/ricsmodus/docs/property_journal_july-august_2018
_yAvailable free online via Issuu
942 _n0
999 _c85180
_d85180